| 000 | 00000nam##2200000za#4500 |
| 001 | 9.570243 |
| 003 | CaOODSP |
| 005 | 20220901140007 |
| 007 | cr ||||||||||| |
| 008 | 150406|1996||||xxc|||||o f|0| 0 eng|d |
| 040 | |aCaOODSP|beng |
| 043 | |an-cn--- |
| 086 | 1 |aJ3-8/1996-2E-PDF |
| 110 | 1 |aCanada.|bJustice Canada. |bPolicy Sector. |
| 245 | 10|aStudents' knowledge and perceptions of the Young Offenders Act - final report / |h[electronic resource]|c[by] Michelle [sic] Peterson-Badali. |
| 246 | 3 |aReport no. 4, the Youth Justice Education Partnership research series |
| 260 | |aOttawa - Ontario : |bJustice Canada. |c1996. |
| 300 | |a80p.|btables |
| 490 | 1 |aWorking document|vWD1996-2e |
| 504 | |aBibliography. |
| 590 | |a11-08-Supp|b2011-06-16 |
| 720 | 1 |aPeterson-Badali, Michele |
| 775 | 08|tConnaissances et perceptions qu'ont des élèves de la Loi sur les jeunes contrevenants : rapport final / |w(CaOODSP)9.600990 |
| 830 | #0|aWorking document ;|vWD1996-2e|w(CaOODSP)9.505668 |
| 856 | 40|ahttp://publications.gc.ca|qPDF|s226 KB|uhttps://publications.gc.ca/collections/collection_2011/jus/J3-8-1996-2-eng.pdf|yWD1996-2e |